LEADER 01046nam a2200229 a 4500 001 000000113065 003 CaOOAMICUS 005 20080730155453.0 008 080730s2007 it m u000 u eng d 040 $aPUU$bita$dmcm$dPUL$dLDB 100 1 $aNg'ang'a, Augustine Kiarie.$0(OLS)http://pul/name/69697 245 14$aThe idea of liberty and the plurality of values in the thought of Isaiah Berlin /$cNg'ang'a Augustine Kiarie. 260 $aRoma :$b[s.n.],$c2007. 300 $a160 p. ;$c25 cm 500 $aEstratto da dissertazione: Thesis (Phil. D.) - Pont. Univ. Urbaniana - Roma, 2007 504 $aBibliografia: p. [127]-157 600 14$aBerlin, Isaiah,$csir,$d1909-1997.$0(OLS)http://pul/subject/34759 850 $aPUL 852 $aPUL$W1$xDP1 Tesi Pon. Univ. Urbaniana$y49$m2007 A 4$j128103$qTesi$B128308$CPULBib$Z2$F128308 $82 941 1 $a16 996 $6245$aThe idea of liberty and the plurality of values in the thought of Isaiah Berlin$9(OLS)http://pul/title/142090 996 $6260$aRoma :$b[s.n.]$9(OLS)http://pul/publisher/47958 LEADER 01274nam a2200265 a 4500 001 000000164679 003 CaOOAMICUS 005 20251030170757.0 008 171128s1989 it m u001 u spa d 032 $aLibriCat 040 $aPUL$bita 100 1 $aChalmeta, Gabriel,$csacerdote,$d1957-$0(OLS)http://pul/name/35405 245 10$aJacques Maritain: $bel elemento gnoseológico en la constitucíon de la ley moral natural / $cGabriel Chalmeta. 260 $aRoma :$b[s.n.],$c1989. 300 $a121 p. ;$c24 cm. 502 $aEstratto da Tesi-- Pontificia Università Urbaniana, Facoltà di Filosofia, 1989. 504 $aBibliografia in nota a piè pagina. 600 14$aMaritain, Jacques,$d1882-1973.$0(OLS)http://pul/subject/551 710 2 $aPontificia Università Urbaniana.$bFacoltà di Filosofia$kTesi.$0(OLS)http://pul/name/84517 850 $aPUL 852 $aPUL$W1$xDP1 Tesi Pon. Univ. Urbaniana$y49$mTH URB PH102$j188844$qTesi$B191984$CPULBib$Z2$F191984 $H64585 $82 941 1 $a16 996 $6245$aJacques Maritain: $bel elemento gnoseológico en la constitucíon de la ley moral natural / $9(OLS)http://pul/title/204364 996 $6260$aRoma :$b[s.n.]$9(OLS)http://pul/publisher/47958